000 00659nas a2200229 4500
001 BR9503728
003 BR-BrBNA
005 20231205094057.0
007 ta
008 230509b bl.|||p| |||| 00| 00por d
040 _aBR-BrBNA
_bpor
_cBiblioteca Nacional de Agricultura
041 _a(Pt)
072 _aL01
100 1 _aSantos, J.A. dos
245 1 _aBom negocio para quem quer produzir mais leite
650 _aProducao Leiteira
650 _aParceria
650 _aMinas Gerais
773 0 _tBalde Branco (Brazil)
_xISSN 0005-4275
_g(Nov 1992), v. 29(337) p. 18-22
_wBR9503728
909 _a202311
_bLúcia
_c55
_dLúcia Elande
942 _2AGRIS
_n0
_cANA
999 _c141942
_d141942